|
|
|
|
| LEADER |
00000nam0a2200000 4500 |
| 001 |
261000 |
| 005 |
20231225130543.0 |
| 035 |
|
|
|a (RuTPU)RU\TPU\book\283972
|
| 090 |
|
|
|a 261000
|
| 100 |
|
|
|a 20140520d2013 m y0rusy50 ca
|
| 101 |
0 |
|
|a rus
|
| 102 |
|
|
|a RU
|
| 105 |
|
|
|a a j 001zy
|
| 200 |
1 |
|
|a Мировая культура и искусство
|e учебное пособие
|f Е. В. Гиниятова, Г. Ю. Тихонова
|g Национальный исследовательский Томский политехнический университет (ТПУ), Институт дистанционного образования (ИДО)
|
| 210 |
|
|
|a Томск
|c Изд-во ТПУ
|d 2013
|
| 215 |
|
|
|a 215 с.
|c ил.
|
| 320 |
|
|
|a Библиогр.: с. 215.
|
| 330 |
|
|
|a В учебном пособии в краткой форме изложены особенности развития мировых культур начиная с древних времен до XX в.; особое внимание уделено развитию искусства в рассматриваемых культурах. Каждая тема сопровождается иллюстративным материалом и вопросами для самоконтроля. Пособие подготовлено на кафедре культурологии и социальной коммуникации и предназначено для студентов ИДО, обучающихся по направлению 031600 «Реклама и связи с общественностью».
|
| 606 |
1 |
|
|a Историческая культурология
|2 stltpush
|3 (RuTPU)RU\TPU\subj\72069
|9 85657
|
| 606 |
1 |
|
|a Искусство
|x История
|2 stltpush
|3 (RuTPU)RU\TPU\subj\13188
|9 39839
|
| 610 |
1 |
|
|a мировая культура
|
| 610 |
1 |
|
|a история
|
| 610 |
1 |
|
|a художественная культура
|
| 610 |
1 |
|
|a первобытная культура
|
| 610 |
1 |
|
|a Месопотамия
|
| 610 |
1 |
|
|a Древний Египет
|
| 610 |
1 |
|
|a Древняя Индия
|
| 610 |
1 |
|
|a античность
|
| 610 |
1 |
|
|a Древняя Греция
|
| 610 |
1 |
|
|a Древний Рим
|
| 610 |
1 |
|
|a европейская культура
|
| 610 |
1 |
|
|a византийская культура
|
| 610 |
1 |
|
|a арабо-мусульманская культура
|
| 610 |
1 |
|
|a средневековая культура
|
| 610 |
1 |
|
|a романское искусство
|
| 610 |
1 |
|
|a готическое искусство
|
| 610 |
1 |
|
|a антропоцентризм
|
| 610 |
1 |
|
|a Возрождение
|
| 610 |
1 |
|
|a Новое время
|
| 610 |
1 |
|
|a стили
|
| 610 |
1 |
|
|a 20 век
|
| 610 |
1 |
|
|a 19 век
|
| 610 |
1 |
|
|a 17 век
|
| 610 |
1 |
|
|a 18 век
|
| 610 |
1 |
|
|a неклассическая парадигма
|
| 610 |
1 |
|
|a сюрреализм
|
| 610 |
1 |
|
|a учебные пособия
|
| 610 |
1 |
|
|a труды учёных ТПУ
|
| 675 |
|
|
|a 7.03(075.8)
|v 3
|
| 686 |
|
|
|a Ч113я73
|2 rubbk
|
| 700 |
|
1 |
|a Гиниятова
|b Е. В.
|c специалист в области культурологии и социальной коммуникации
|c доцент Томского политехнического университета, кандидат философских наук
|f 1978-
|g Елена Владимировна
|3 (RuTPU)RU\TPU\pers\25965
|9 11815
|
| 701 |
|
1 |
|a Тихонова
|b Г. Ю.
|c специалист в области культурологии и социальных коммуникаций
|c доцент Томского политехнического университета, кандидат философских наук
|f 1953-
|g Галина Юрьевна
|3 (RuTPU)RU\TPU\pers\26719
|
| 712 |
0 |
2 |
|a Национальный исследовательский Томский политехнический университет (ТПУ)
|b Институт дистанционного образования (ИДО)
|3 (RuTPU)RU\TPU\col\16612
|
| 801 |
|
1 |
|a RU
|b 63413507
|c 20140520
|
| 801 |
|
2 |
|a RU
|b 63413507
|c 20140530
|g RCR
|
| 942 |
|
|
|c BK
|